Victory song / (Record no. 85652)

MARC details
000 -LEADER
fixed length control field 00581nam a2200181Ia 4500
005 - DATE AND TIME OF LATEST TRANSACTION
control field 20170804110726.0
010 ## - LCCN (DPL NO)
LC control number BAC-CH25
020 ## - INTERNATIONAL STANDARD BOOK NUMBER
International Standard Book Number 9780143330196
Terms of availability Rs.199.00
035 ## - SYSTEM CONTROL NUMBER
System control number B-667239
037 ## - SOURCE OF ACQUISITION
Source of stock number/acquisition Aakar/Ven
Stock number dpl
082 ## - DEWEY DECIMAL CLASSIFICATION NUMBER
Classification number S
100 ## - MAIN ENTRY--PERSONAL NAME
Personal name Divakaruni,Chitra Banerjee
245 ## - TITLE STATEMENT
Title Victory song /
Statement of responsibility, etc By Chitra Banerjee Divakaruni
260 ## - PUBLICATION, DISTRIBUTION, ETC. (IMPRINT)
Place of publication, distribution, etc New delhi
Name of publisher, distributor, etc Puffin Books
Date of publication, distribution, etc 2014
300 ## - PHYSICAL DESCRIPTION
Extent 131p.
Dimensions 19cm(pbk)
942 ## - ADDED ENTRY ELEMENTS (KOHA)
Item type Children Books
Source of classification or shelving scheme Dewey Decimal Classification
Call number suffix DIV
Classification part S
Holdings
Withdrawn status Lost status Not for loan Collection code Home library Current library Date acquired Source of acquisition Cost, normal purchase price Full call number Barcode Copy number Cost, replacement price Koha item type
      Fiction Ashok Vihar Ashok Vihar 04/08/2017 BPPD/CH-EN/2014-15/AV/16-17/373/15.2.2017/I-3322/1.3.2017/ 17.3.2017 199.00 S DIV B-667239 1 199.00 Children Books

© Delhi Public Library
Hit Counter
free hit counter